[Event "It (open)"]
[Site "masterchessopen.com - San Sebastian (Spain)"]
[Round "4"]
[White "Alvarez Ponga Inge (ESP)"]
[Black "Darrigues Alain (FRA)"]
[Result "0-1"]
[WhiteElo "1963"]
[BlackElo "2009"]

1.d4 Nf6 2.c4 c5 3.d5 e6 4.Nc3 exd5 5.cxd5 d6 6.g3 g6 7.Bg2 Bg7 8.Nf3 O-O
9.O-O Nbd7 10.e4 a6 11.a4 Re8 12.Re1 Rb8 13.a5 b5 14.axb6 Nxb6 15.Nd2 Qe7
16.h3 Bb7 17.Rf1 Nfd7 18.Qc2 c4 19.Rb1 Rec8 20.Rd1 Nc5 21.Nf1 Qc7 22.Be3 Re8
23.g4 Bc8 24.Ng3 Bd7 25.Qd2 Nba4 26.f4 Rxb2 27.Rxb2 Bxc3 28.Qc2 Nxb2 29.Rb1
Nca4 30.Ne2 Bg7 31.Nd4 Rb8 32.g5 Qa5 33.f5 Be5 34.Qf2 Qd8 35.f6 Qe8 36.Qh4 Nc3
37.Ra1 Nbd1 38.Bf2 Nxf2 39.Qh6 Qf8 40.Rxa6 Bxd4 41.Qxf8+ Kxf8 42.Kh2 Nfxe4
{#R} 0-1

[Event "Ch France (team) (nat.2) 2004/05"]
[Site "masterchessopen.com - France"]
[Date "2005.01.08"]
[Round "5"]
[White "Fournier Camille (FRA)"]
[Black "Garrido Denis (FRA)"]
[Result "0-1"]
[WhiteElo "2071"]
[BlackElo "2321"]

1.d4 Nf6 2.Nf3 g6 3.c4 c5 4.d5 d6 5.Nc3 Bg7 6.g3 e6 7.Bg2 exd5 8.cxd5 O-O
9.O-O Nbd7 10.h3 Re8 11.Re1 h6 12.e4 Nb6 13.Bf4 g5 14.Bc1 Bd7 15.a4 a6 16.Nd2
Rb8 17.Ra3 g4 18.h4 Nc8 19.a5 h5 20.Bf1 Na7 21.e5 Rxe5 22.Rxe5 dxe5 23.Nc4 Nb5
24.Nxb5 Bxb5 25.Ne3 Ne8 26.Nf5 Nd6 27.Nxg7 Kxg7 28.Bg5 f6 29.Be3 Rc8 30.Bd3
Bxd3 31.Qxd3 Qd7 32.Bc1 Qf5 33.Qe3 Nc4 34.Qh6+ Kf7 35.Rb3 Rc7 36.Qh8 Rd7
37.Bh6 Kg6 38.Bf8 Qb1+ 39.Kh2 Kf7 40.Qg7+ Ke8 41.Qg8 Qh7 42.Qxh7 Rxh7 43.Bxc5
Rd7 44.Rb4 Nxa5 45.Bb6 Rxd5 46.Bxa5 Rxa5 47.Rxb7 Rb5 48.Rh7 Rxb2 49.Kg1 Kf8
50.Ra7 Rb1+ 51.Kg2 Ra1 52.Kh2 a5 53.Kg2 a4 54.Kh2 a3 55.Kg2 Ke8 56.Rh7 Rb1
57.Ra7 Rb3 58.Kg1 Kd8 59.Rh7 a2 {#R} 0-1

[Event "Ch Finland (team) 2004/05"]
[Site "masterchessopen.com - Finland"]
[Date "2005.02.12"]
[Round "7"]
[White "Solozhenkin Evgeniy (RUS)"]
[Black "Sepp Olav (EST)"]
[Result "0-1"]
[WhiteElo "2495"]
[BlackElo "2462"]

1.d4 Nf6 2.c4 e6 3.Nf3 c5 4.d5 exd5 5.cxd5 d6 6.Nc3 g6 7.g3 Bg7 8.Bg2 O-O
9.O-O Nbd7 10.Nd2 Nh5 11.a4 f5 12.Nb5 Ne5 13.f4 Nf7 14.Nc4 Qe7 15.Bd2 Bd7
16.Bc3 Nf6 17.Qb3 Rfc8 18.Rfe1 a6 19.Bxf6 Bxf6 20.Nc3 b5 21.axb5 axb5 22.Nxb5
Rxa1 23.Rxa1 Rb8 24.Ra5 Qxe2 25.Bf1 Rxb5 26.Ra8+ Kg7 27.Bxe2 Rxb3 28.Ra7 Be8
29.Nxd6 Kf8 30.Nc4 Bb5 31.d6 Bd4+ 32.Kf1 Bxc4 33.Bxc4 Rf3+ 34.Kg2 Rf2+ 35.Kh3
Nxd6 36.Ra8+ Kg7 37.Ra7+ Kh6 38.Bg8 Bg7 39.b3 Ne4 40.Bd5 g5 41.Ra6+ Bf6 42.g4
fxg4+ {#R} 0-1

[Event "Ch Bosnia & Herzegovina (team)"]
[Site "masterchessopen.com - Neum (Bosnia & Herzegovina)"]
[Date "2005.06.05"]
[Round "2"]
[White "Drasko Milan (MNE)"]
[Black "Zugic Igor (CAN)"]
[Result "1-0"]
[WhiteElo "2528"]
[BlackElo "2462"]

{ Drasko Milan (SCG) +0 =1 -0 } 1.d4 Nf6 2.c4 c5 3.d5 e6 4.Nc3 exd5 5.cxd5 d6
6.Nf3 g6 7.g3 Bg7 8.Bg2 O-O 9.O-O Nbd7 10.Bf4 ( 10.Re1 a6 { 1/2-1/2, Drasko
Milan 2486 - Velimirovic Dragoljub 2458 , Vrnjacka Banja 28. 9.2004 Ch SCG
(team) (1 Central League) } ) 10...Qe7 11.h3 ( 11.Qc2 a6 12.e4 Ng4 13.Rad1 b5
14.Bg5 Qe8 15.Rfe1 Bb7 16.e5 dxe5 17.h3 Ngf6 18.Bxf6 Bxf6 19.Ne4 Qd8 20.Nxc5
Nxc5 21.Qxc5 Re8 22.d6 e4 23.Nd2 Bxb2 24.Nxe4 Bxe4 25.Bxe4 Rb8 26.Bc6 Rf8
27.Re7 Bf6 28.Rc7 Rc8 29.Bf3 Kg7 30.Re1 h5 { ...1-0, Boensch Uwe 2460 -
Horvath Tamas I 2307 , Lvov 1984 It } ) 11...h6 ( 11...a6 12.e4 Nh5 13.Bg5 Bf6
14.Bh6 Ng7 15.Re1 b5 16.Kh2 b4 17.Na4 Rb8 18.Qc2 Ne5 19.Nd2 Bd7 20.Bf1 c4
21.f4 Bxa4 22.Qxa4 c3 23.bxc3 bxc3 24.Nb3 Nf3+ 25.Kg2 Nxe1+ 26.Rxe1 Rfe8 27.h4
Nf5 28.Bg5 Bxg5 29.hxg5 Qa7 30.Qa5 Ne3+ 31.Kf3 { ...0-1, Vaganian Rafael A
2585 - Sax Gyula 2580 , Rotterdam 1989 Cup World } ) 12.e4 { = } ( 12.Re1 g5
13.Bd2 Nb6 14.e4 Nc4 15.Bc1 Nd7 16.Bf1 Nce5 17.Nh2 Ng6 18.a4 a6 19.Be3 Rb8
20.Qc2 Qf6 21.Qd2 Qd8 22.Rab1 f5 23.exf5 Rxf5 24.b4 cxb4 25.Rxb4 Nc5 26.Be2
Rf8 27.Kg2 Bf5 28.Bd4 Ne5 29.Bxe5 Bxe5 30.Nf3 Bxc3 31.Qxc3 Be4 { ...0-1,
Poluljahov Aleksandr 2504 - Ruban Vadim 2575 , Anapa 1991 It } ) 12...a6 { N }
( 12...g5 13.Bd2 ( 13.Be3 b5 14.a3 Nxe4 15.Nxe4 Qxe4 16.Nxg5 Qg6 17.Ne6 fxe6
18.dxe6 Nb6 19.Bxa8 Nxa8 20.e7 Re8 21.Qd5+ Be6 22.Qxd6 Nb6 23.Bxc5 Nc4 24.Qc6
Ne5 25.Qg2 Qf5 26.f4 Nd3 27.Bxa7 Bd7 28.Qh2 Rxe7 29.g4 Qe4 30.Bb6 Bd4+ 31.Bxd4
Qxd4+ 32.Rf2 { ...0-1, Dam Ruurd 2305 - Van Der Wiel John T H 2545 , Lugano
1989 It (open) } ) 13...Rb8 14.Rb1 b5 15.b4 Nxe4 16.Nxe4 Qxe4 17.Nxg5 Qg6
18.Nf3 c4 19.Rc1 Ne5 20.Nxe5 Bxe5 21.Bc3 Bxc3 22.Rxc3 Bf5 23.Re1 Rfe8 24.Rce3
Rxe3 25.Rxe3 Rc8 26.Qe1 Bd3 27.Qc3 Bb1 28.Qe1 Bd3 29.Qc3 Bb1 30.Qe1 Bd3 {
1/2-1/2, Gurevich Dmitry 2535 - De Firmian Nick E 2565 , Key West 1994 Ch USA
} ) 13.a4 { N } 13...g5 ( 13...Nh7 14.Qc1 g5 15.Bd2 Rb8 16.Rb1 b5 17.axb5 axb5
18.b4 Ba6 19.Re1 Rfc8 20.Qa3 Ra8 21.Nd1 Nb6 22.Ne3 Qxe4 23.Nxg5 Qg6 24.Nxh7
Qxh7 25.bxc5 dxc5 26.Qa5 Nd7 27.d6 Bb7 28.Qxb5 Bxg2 29.Kxg2 Qe4+ 30.f3 Qd4
31.Rbd1 Ra2 32.Nc4 Ne5 33.Nxe5 { ...1/2-1/2, Jovicevic Bozidar 2286 -
Kovacevic Aleksandar 2556 , Yugoslavia 1994 Ch Yugoslavia (team) (1 liga) } )
( 13...Rb8 14.Rb1 g5 15.Bd2 Ne8 16.Re1 Nc7 17.Qc2 b5 18.axb5 Nxb5 19.Nxb5 Rxb5
20.b4 cxb4 21.Bxb4 Re8 22.Qd2 Qf6 23.Rbc1 Ne5 24.Nxe5 Qxe5 25.Rc7 Qf6 26.Rc6
Bb7 27.Rxd6 Qd4 28.Qxd4 Bxd4 29.Bd2 Rb2 30.Be3 Be5 31.Rb6 Rxb6 32.Bxb6 Rc8
33.Rd1 { ...1-0, Gleizerov Evgeny 2520 - Moiseev Viktor 2417 , Berlin 1994 It
(open) "Berlin Summer" } ) 14.Bd2 ( 14.Be3 Rb8 15.a5 b5 16.axb6 Rxb6 17.Qc2
Ne8 18.Nd2 Rb4 19.Nb3 Ne5 20.Na5 Bd7 21.f4 Nc4 22.Nxc4 Rxc4 23.Rxa6 Nc7
24.Raa1 Nb5 25.Qd3 Rb4 26.e5 Rxb2 27.Na4 Rb4 28.exd6 Nxd6 29.Bxc5 Rxa4 30.Rxa4
Bxa4 31.Qa3 Rc8 32.Bxd6 Qa7+ 33.Kh2 Rc2 { ...1/2-1/2, Alburt Lev O 2550 -
Fedorov Vladislav 2395 , New York 1992 It (open) } ) 14...Nxe4 { N } 15.Nxe4
Qxe4 16.Nxg5 Qd4 17.Ne4 { +1.22 CAP } 17...Qxb2 { ?! ±/+?? } ( 17...Nf6 { !? }
18.Nxd6 Nxd5 19.Nxc8 Raxc8 { ?/± } ) 18.Rb1 Qd4 19.Nxd6 Ne5 20.Be3 Qxd1
21.Rfxd1 c4 22.Bd4 b5 23.axb5 axb5 24.Nxb5 Bf5 25.Rbc1 Bd3 26.Nd6 Ra4 27.Nb7 {
? ?/± } ( 27.Bc3 Rb8 28.Re1 Ng6 29.Bxg7 { ±/+?? } ) 27...Nf3+ 28.Bxf3 Bxd4
29.Rd2 Rb4 30.d6 Bf6 31.Rcd1 Bg5 32.Rxd3 cxd3 33.Rxd3 Rb8 34.Na5 Kg7 { ?!
±/+?? } ( 34...R8b5 { !? } 35.Nc6 Rb3 36.Rxb3 Rxb3 { ± } ) 35.d7 Rb1+ 36.Kg2
Rf8 { ?! ±/+?? } ( 36...Bd8 { !? } 37.Nc6 Ra8 38.Re3 Bb6 { ±/+?? } ) 37.Nc6
Bd8 38.Ra3 Bb6 { ?! +?? } ( 38...Rb2 { !? } 39.Rd3 Bb6 40.g4 Rxf2+ { ±/+?? } )
39.Ra6 Rb2 40.Rxb6 Rxb6 41.d8=Q Rxd8 42.Nxd8 Rd6 43.Nc6 Kf6 44.Nb4 Ke5 45.Nd5
Ra6 46.Nb4 Rd6 47.h4 Kf5 48.Nd5 Ke5 49.Ne3 Kf6 50.g4 Ra6 51.Nc4 Kg7 52.Kg3 Ra4
53.Bd5 Ra6 54.f4 Ra1 55.Ne5 Ra3+ 56.Kg2 f6 57.Nc4 Ra4 58.Kf3 h5 59.g5 Ra1
60.Nd6 Re1 61.Be4 { +?? } {#r} 1-0

[Event "It (open) (w)"]
[Site "masterchessopen.com - Havlickuv Brod (Czech Republic)"]
[Date "2005.09.29"]
[Round "5"]
[White "Kubikova Alena (CZE)"]
[Black "Pertlova Sona (CZE)"]
[Result "1-0"]
[WhiteElo "2074"]
[BlackElo "2078"]

1.d4 c5 2.d5 Nf6 3.c4 e6 4.Nc3 exd5 5.cxd5 d6 6.g3 g6 7.Bg2 Bg7 8.Nf3 O-O
9.O-O Nbd7 10.h3 a6 11.a4 Rb8 12.a5 Re8 13.Nd2 b5 14.axb6 Nxb6 15.e4 Bd7 16.g4
Bb5 17.Nxb5 axb5 18.f4 Nfd7 19.g5 Na4 20.e5 dxe5 21.f5 e4 22.fxg6 fxg6 23.Nxe4
Nxb2 24.Bxb2 Bxb2 25.Ra7 c4 26.Kh1 Rf8 27.Rxf8+ Nxf8 28.d6 Qb6 29.Qd5+ Kh8
30.Re7 Qd4 31.Qxd4+ Bxd4 32.d7 Rd8 33.Re8 Bb6 34.Nd6 Kg7 35.Re7+ Kh8 36.Nf7+
Kg8 37.Nxd8 Bxd8 38.Bd5+ Kh8 39.Re8 {#r} 1-0

[Event "It (b)"]
[Site "masterchessopen.com - Skanderborg (Denmark)"]
[Date "2005.10.20"]
[Round "6"]
[White "Rendboe John (DEN)"]
[Black "Skovgaard Peter (DEN)"]
[Result "0-1"]
[WhiteElo "2245"]
[BlackElo "2186"]

1.d4 Nf6 2.c4 c5 3.d5 e6 4.Nc3 exd5 5.cxd5 d6 6.g3 g6 7.Bg2 Bg7 8.Nf3 O-O
9.O-O Nbd7 10.a4 a6 11.e4 Re8 12.Re1 Ng4 13.h3 Nge5 14.Nxe5 Nxe5 15.f4 Nd7
16.Be3 Rb8 17.Qd3 b6 18.Kh2 Bb7 19.Re2 Rc8 20.Nd1 c4 21.Qc2 b5 22.axb5 axb5
23.Ra7 Ba8 24.Bd2 c3 25.bxc3 Bxd5 26.Be3 Bc6 27.Rd2 Nb6 28.Nb2 Bxe4 29.Qb3 Nc4
30.Bxe4 Rxe4 31.Nxc4 bxc4 32.Qb7 Qe8 33.Bf2 Bxc3 34.Rxd6 Re2 35.Kg2 Rb8 36.Qd5
Rxf2+ 37.Kxf2 Rb2+ {#R} 0-1

[Event "Ch Slovenia (team) (1 liga) East"]
[Site "masterchessopen.com - Slovenia"]
[Date "2005.10.22"]
[Round "4"]
[White "Vidic Branko (SLO)"]
[Black "Dravinec Ladislav (SLO)"]
[Result "1-0"]
[WhiteElo "1987"]
[BlackElo "1997"]

1.d4 Nf6 2.Nf3 c5 3.d5 d6 4.c4 g6 5.Nc3 Bg7 6.g3 O-O 7.Bg2 e6 8.O-O exd5
9.cxd5 Nbd7 10.h3 a6 11.a4 Rb8 12.Qd3 Qc7 13.Nd2 Ne5 14.Qc2 b5 15.axb5 axb5
16.Nce4 Nxe4 17.Nxe4 Bf5 18.g4 Bxe4 19.Bxe4 Rfe8 20.Bg2 c4 21.Bf4 Nd7 22.Ra6
Rb6 23.Rfa1 Be5 24.Be3 Nc5 25.Ra7 Rb7 26.Rxb7 Qxb7 27.Bxc5 dxc5 28.d6 Qd7
29.Ra6 Rd8 30.Rb6 Qa7 31.Rxb5 Qa1+ 32.Bf1 Rxd6 33.e3 Rd1 34.Qxc4 Bxb2 35.Rb7
Rxf1+ 36.Qxf1 c4 37.Qxa1 Bxa1 38.Rc7 c3 39.Kf1 Kg7 40.Ke2 Kf6 41.f4 Ke6 42.Kd3
h6 43.e4 Bb2 44.f5+ Kf6 45.e5+ Kxe5 46.Rxf7 gxf5 47.Rxf5+ Ke6 48.Rh5 Bc1
49.Kxc3 Kf6 50.Kd3 Bg5 51.Ke4 Kg6 52.h4 Bd2 53.Rc5 Be1 54.Rc6+ Kg7 55.h5 Bd2
56.Kf5 Bg5 57.Rg6+ {#r} 1-0

[Event "Cup World FIDE"]
[Site "masterchessopen.com - Khanty Mansyisk (Russia)"]
[Date "2005.11.27"]
[Round "1"]
[White "Nikolic Predrag (BIH)"]
[Black "Navara David (CZE)"]
[Result "1-0"]
[WhiteElo "2584"]
[BlackElo "2646"]

{ Nikolic Predrag (BIH) +4 =5 -0 } 1.d4 Nf6 2.Nf3 e6 3.c4 c5 4.d5 exd5 5.cxd5
d6 6.Nc3 g6 7.g3 Bg7 8.Bg2 O-O 9.O-O Nbd7 10.Nd2 ( 10.Bf4 Qe7 11.h3 a6 12.a4
Nh5 13.Bg5 f6 14.Bd2 f5 15.Ng5 f4 16.gxf4 Nxf4 17.Bxf4 Rxf4 18.Ne6 Rb4 19.Qc2
Nf6 20.Rfd1 Bxe6 21.dxe6 Qxe6 22.Rd3 Rd8 23.Rad1 Ne8 24.Qd2 Kh8 25.a5 Be5
26.b3 Nc7 27.Ne4 Rd4 28.e3 Rxe4 29.Bxe4 Qxh3 { ...1-0, Nikolic Predrag 2676 -
De Firmian Nick E 2550 , Qaqortoq 2003 It (open) } ) 10...a6 11.a4 Rb8 { ? } (
11...Re8 12.Nc4 Ne5 13.Nxe5 Rxe5 14.e4 Re8 15.Rb1 b5 16.axb5 axb5 17.b4 c4
18.h3 Bd7 19.Qc2 Qc8 20.Kh2 Re5 21.g4 Bxg4 22.hxg4 Qxg4 23.Rh1 Rae8 24.Be3
Nxe4 25.Nxe4 Rxe4 26.f3 Qh5+ 27.Kg1 Rh4 28.Rxh4 Qxh4 29.Qf2 Qh5 30.Rd1 Bc3
31.Bd4 { ...1/2-1/2, Karpov Anatoly 2745 - Adianto Utut 2610 , Jakarta 1997
Match } ) 12.Nc4 Ne8 13.a5 ( 13.e4 Ne5 14.Na3 f5 15.h3 fxe4 16.Nxe4 b5 17.axb5
axb5 18.Bg5 Qc7 19.Qe2 c4 20.Rfc1 Qf7 21.Be3 Nd3 22.Rc2 Nb4 23.Rd2 Bf5 24.Nc2
Bxe4 25.Nxb4 Bxg2 26.Kxg2 c3 27.Nc6 cxd2 28.Nxb8 Qxd5+ 29.Kh2 Qb7 30.Na6 Bxb2
31.Ra2 Qf3 32.Qxd2 Be5 { ...1-0, Xu Yang 2335 - Reizniece Dana 2278 , Paris
1995 Ch World (active) (juniors) (under 14) } ) 13...Ne5 14.Nb6 Nc7 ( 14...Nd7
15.Nc4 Ne5 16.Nb6 Nc7 17.f4 Ng4 18.e3 Re8 19.Re1 Nb5 20.Nxb5 axb5 21.h3 Nf6
22.Qb3 Ne4 23.Qxb5 Nxg3 24.e4 Bxh3 25.Bxh3 Qh4 26.Bg2 Nf5 27.Re3 Bd4 28.Ra3
Nxe3 29.Bxe3 Qe1+ { 0-1, Quinteros Miguel A 2503 - Velimirovic Dragoljub 2458
, Vinkovci 1970 It } ) 15.f4 ( 15.h3 Nd7 16.Nc4 Ne5 17.Nb6 Nd7 18.Nxc8 Qxc8
19.Ne4 Nb5 20.Ra2 Qc7 21.Bf4 h6 22.g4 Kh7 23.e3 Ne5 24.Qc2 Qe7 25.Bg3 Nd7 {
1/2-1/2, Soppe Guillermo 2471 - Hoffman Alejandro 2491 , Buenos Aires 2000 Ch
Argentina } ) 15...Ng4 16.e3 { ?/= } ( 16.Nc4 Re8 17.Ne4 Nb5 18.h3 Bf5 19.hxg4
Bxe4 20.e3 f5 21.Bxe4 Rxe4 22.Qd3 Qd7 23.Bd2 h6 24.Rad1 Rbe8 25.gxf5 Qxf5
26.Bc1 Qh3 27.Rf2 g5 28.Ne5 R8xe5 29.fxe5 Qxg3+ 30.Rg2 Qxe5 31.b3 Nc3 32.Re1
Nxd5 33.Rd1 Nc3 34.Bb2 Rxe3 { 0-1, Donner Jan-Hein 2430 - Keres Paul 2580 ,
Hastings 1955 It } ) 16...f5 ( 16...Re8 17.Re1 Nb5 18.Nxb5 axb5 19.h3 Nf6
20.Qb3 Ne4 21.Qxb5 Nxg3 22.e4 Bxh3 23.Bxh3 Qh4 24.Bg2 Nf5 25.Re3 Bd4 26.Ra3
Nxe3 27.Bxe3 Qe1+ { 0-1, Quinteros Miguel A 2503 - Velimirovic Dragoljub 2458
, Vinkovci 1970 It } ) 17.h3 Nf6 { +0.22 CAP } 18.Bd2 { N } ( 18.Kh2 Nb5
19.Bd2 Bd7 20.Nca4 Re8 21.Rc1 Ne4 22.Be1 Nc7 23.Nxd7 Qxd7 24.b4 cxb4 25.Nb6
Qf7 26.Bxb4 Nb5 27.Qd3 Re7 28.Rc4 Rbe8 29.Bxe4 Rxe4 30.Rxe4 Rxe4 31.Bd2 h5
32.Rc1 Qf6 33.h4 Kh7 34.Kg2 Qb2 35.Qc2 Rb4 36.Bxb4 Qxb4 37.Nc4 Nc3 {
...1/2-1/2, Vukic Milan 2474 - Janosevic Dragoljub 2330 , Cateske Toplice 1968
Ch Yugoslavia } ) ( 18.Nxc8 Qxc8 19.Kh2 Re8 20.Qd3 Qd7 21.e4 fxe4 22.Bxe4 Nxe4
23.Nxe4 Qf5 24.Re1 Bd4 25.Ra4 Re7 26.Qb1 Qxd5 27.Nc3 Qf3 28.Bd2 Rbe8 29.Rxe7
Rxe7 30.Qh1 Qd3 { 0-1, Da Silva Jose Victor 2064 - Kaplan Julio P 2480 ,
Stockholm 1969 Ch World (juniors) } ) 18...Bd7 19.Qc2 Bb5 20.Rfe1 Re8 21.Nd1 {
?! } ( 21.e4 fxe4 22.Nxe4 Nxe4 23.Bxe4 { } ) 21...Nd7 22.Nxd7 Bxd7 23.Bc3 Bf8
24.Nf2 Nb5 25.Bd2 Bg7 26.Bf1 Nc7 27.Bc4 Bb5 28.Ba2 Re7 29.Bc3 Qf8 30.Qd2 Bd7
31.Rac1 b5 32.axb6 Rxb6 33.Kh2 Ne8 34.e4 fxe4 35.Nxe4 Bxc3 36.bxc3 Bxh3
37.Nxc5 Bg4 38.Nd3 Nf6 39.Kg1 Bf3 { ?? } ( { ? } 39...Bf5 40.Rxe7 Qxe7 41.Nf2
Rb8 { } ) 40.Qf2 Bxd5 41.c4 Rb8 42.cxd5 Ne4 43.Qg2 Qe8 44.Rc2 Qa4 45.Rc4 Qa3
46.Rcxe4 Rxe4 47.Qxe4 { } {#r} 1-0

[Event "Cup World FIDE (blitz)"]
[Site "masterchessopen.com - Khanty Mansyisk (Russia)"]
[Date "2005.11.29"]
[Round "1"]
[White "Nikolic Predrag (BIH)"]
[Black "Navara David (CZE)"]
[Result "1-0"]
[WhiteElo "2584"]
[BlackElo "2646"]

{ Nikolic Predrag (BIH) +5 =5 -0 Navara David (CZE) +0 =0 -1 Nikolic Predrag
(BIH)-Navara David (CZE) +1 =0 -0 } 1.d4 Nf6 2.Nf3 e6 3.c4 c5 4.d5 exd5 5.cxd5
d6 6.Nc3 g6 7.g3 Bg7 8.Bg2 O-O 9.O-O Nbd7 10.Nd2 { = } ( 10.Bf4 Qe7 11.h3 a6
12.a4 Nh5 13.Bg5 f6 14.Bd2 f5 15.Ng5 f4 16.gxf4 Nxf4 17.Bxf4 Rxf4 18.Ne6 Rb4
19.Qc2 Nf6 20.Rfd1 Bxe6 21.dxe6 Qxe6 22.Rd3 Rd8 23.Rad1 Ne8 24.Qd2 Kh8 25.a5
Be5 26.b3 Nc7 27.Ne4 Rd4 28.e3 Rxe4 29.Bxe4 Qxh3 { ...1-0, Nikolic Predrag
2676 - De Firmian Nick E 2550 , Qaqortoq 2003 It (open) } ) 10...Nh5 ( 10...a6
11.a4 Rb8 ( 11...Re8 12.h3 Rb8 13.Nc4 Nb6 14.Na3 Bd7 15.e4 Qc7 16.Rb1 Nxa4
17.Nxa4 b5 18.Nxc5 Qxc5 19.Be3 Qc8 20.Rc1 Qd8 21.Qd3 Rc8 22.Nc2 Qe7 23.Nd4 h6
24.b4 Kh7 25.Nc6 Bxc6 26.Rxc6 Rxc6 27.dxc6 Nxe4 28.Rc1 f5 29.Qa3 Ra8 30.g4 {
...1/2-1/2, Mikhalevski Victor 2532 - De Firmian Nick E 2567 , Copenhagen 2000
It (open) "Politiken Cup" } ) 12.Nc4 Ne8 13.a5 Ne5 14.Nb6 Nc7 15.f4 Ng4 16.e3
f5 17.h3 Nf6 18.Bd2 Bd7 19.Qc2 Bb5 20.Rfe1 Re8 21.Nd1 Nd7 22.Nxd7 Bxd7 23.Bc3
Bf8 24.Nf2 Nb5 25.Bd2 Bg7 26.Bf1 Nc7 27.Bc4 Bb5 28.Ba2 Re7 29.Bc3 Qf8 30.Qd2 {
...1-0, Nikolic Predrag 2584 - Navara David 2646 , Khanty Mansyisk 27.11.2005
Cup World FIDE } ) ( 10...Re8 11.a4 a6 12.a5 Rb8 13.Nc4 Ne5 14.Nb6 Ned7 15.Nc4
Ne5 16.Nb6 Ned7 17.Nc4 { 1/2-1/2, Nikolic Predrag 2657 - Ivanchuk Vassily 2719
, Istanbul 2000 Olympiad } ) 11.Nde4 ( 11.a4 f5 12.Nb5 Ne5 13.f4 Ng4 14.Nc4
Bd7 15.Nbxd6 Rb8 16.Ra3 b6 17.h3 Ngf6 18.Kh2 a6 19.e4 Nxe4 20.Nxe4 fxe4
21.Bxe4 Nf6 22.Bg2 Bf5 23.Re1 h5 24.d6 b5 25.axb5 axb5 26.Ne5 b4 27.Ra7 Qb6
28.Nc6 Rbe8 29.Qb3+ Kh7 30.Rxe8 Rxe8 { ...1-0, Glavina Pablo 2405 - De Firmian
Nick E 2545 , Oviedo 1993 It (active) } ) 11...Ndf6 { +0.07 CAP } 12.Nd2 { N }
( 12.Bg5 h6 13.Nxf6+ Nxf6 14.Bd2 a6 15.a4 Rb8 16.a5 b5 17.axb6 Qxb6 18.Ra2 Ng4
19.Qc2 Rb7 20.Rfa1 Re7 21.Bf1 c4 22.Nd1 Qd4 23.Ra5 Qe5 24.f3 Nxh2 25.Kxh2 Qh5+
26.Kg1 Bd4+ 27.e3 Qxf3 28.Be1 Bb6 29.Bg2 Qh5 30.R5a4 Bg4 31.Bf2 Be2 {
...1/2-1/2, Taylor Martin R 2308 - Lund D Brett 2212 , England 18.10.2004 Ch
England (team) 2004/05 } ) ( 12.Nxf6+ Qxf6 13.e4 a6 14.Re1 { 1/2-1/2, Roiz
Michael 2579 - Sakaev Konstantin 2672 , Warsaw 20. 6.2005 Ch Europe } ) (
12.Ng5 Ne8 13.e4 h6 14.Nf3 Bg4 15.h3 Bxf3 16.Bxf3 Nhf6 17.Bg2 Nd7 18.f4 Qa5
19.Qc2 Nef6 20.Bd2 Rfe8 21.Rae1 Rac8 22.a4 Qb6 23.Kh2 a6 24.Re2 c4 25.Rfe1 Nh7
26.a5 Qxa5 27.e5 dxe5 28.d6 Qb6 29.Be3 Qxd6 30.Bxb7 Rb8 31.Rd1 Qc7 { ...0-1,
Kveinys Aloyzas 2515 - Urban Klaudiusz 2463 , Suwalki 1999 Ch Poland (team) }
) 12...b6 13.a4 Ne8 14.Qc2 f5 15.b3 f4 16.Bb2 Bf5 17.Qc1 Nef6 18.Nc4 Bh6 { ?!
} ( 18...Qe7 19.gxf4 Ng4 20.h3 Bxc3 { } ) 19.Nb5 { ? } ( 19.f3 { !? } 19...Bc8
20.g4 Ng7 21.h4 { } ) 19...Be4 { ? } ( 19...fxg3 { !? } 20.Bxf6 gxf2+ 21.Rxf2
Qxf6 { } ) 20.f3 Bxd5 21.g4 Nxg4 { ? } ( 21...Ng7 { !? } 22.h4 Bxc4 23.bxc4 a6
{ } ) 22.fxg4 Bxg2 23.Rf2 Bc6 24.gxh5 d5 25.Ne5 Qg5+ 26.Rg2 Qxg2+ 27.Kxg2 f3+
28.exf3 Bxc1 29.Rxc1 Bxb5 30.axb5 a6 { ?! } ( 30...g5 31.b4 cxb4 32.Kg3 Rfe8 {
} ) 31.Nd7 axb5 32.Nxf8 Ra2 { ?! } ( 32...Kxf8 33.hxg6 hxg6 34.Be5 Ra3 { } )
33.Rc2 Kxf8 34.hxg6 Kg8 35.gxh7+ Kxh7 36.Rf2 d4 37.Bxd4 Ra3 38.Be5 Rxb3 39.Kg3
b4 40.Kf4 c4 41.Ke4 Rb1 42.Kd5 c3 43.Kc4 Kg6 44.h4 Kf5 45.f4 Kg4 46.f5 c2
47.Rxc2 Kxf5 48.Bb8 Kg4 49.Rh2 Kh5 50.Bg3 b3 51.Bf2 Rb2 52.Kc3 Re2 53.Kxb3 b5
54.Kb4 Rb2+ 55.Kc3 Re2 56.Kd3 Ra2 57.Ke3 b4 58.Rh1 b3 59.Rg1 Ra5 60.Kd3 Rf5
61.Ke3 b2 62.Rb1 Rb5 63.Be1 Kg4 64.Kd3 Re5 65.Bf2 Rb5 66.Kc3 Rf5 67.Rxb2 Kh5
68.Kd4 Rf7 69.Ke3 Re7+ 70.Kf3 Rf7+ 71.Kg2 Rg7+ 72.Kh3 Rd7 73.Rb5+ Kg6 74.Kg4
Rc7 75.Rb6+ Kh7 76.Be3 Re7 77.Bf4 Kg7 78.h5 Kh7 79.Rc6 Kg7 80.Rc7 { } {#r} 1-0

[Event "Turkish Is Bank League"]
[Site "masterchessopen.com - Marmaris (Turkey)"]
[Date "2006.04.19"]
[Round "0"]
[White "Ozturk Kubra (TUR)"]
[Black "Dincok Berfu (TUR)"]
[Result "1-0"]
[WhiteElo "2116"]
[BlackElo "1851"]

1.Nf3 Nf6 2.g3 g6 3.Bg2 Bg7 4.O-O O-O 5.c4 d6 6.d4 c5 7.d5 e6 8.Nc3 exd5
9.cxd5 Nbd7 10.e4 Re8 11.Re1 Qb6 12.Qc2 c4 13.Be3 Qa6 14.a4 Ng4 15.Nb5 Nxe3
16.Rxe3 Qb6 17.Qxc4 Nc5 18.a5 Qd8 19.e5 Na6 20.Nxd6 Re7 21.Rae1 Rc7 22.Qh4
Qxh4 23.Nxh4 b6 24.e6 Rc2 25.exf7+ Kf8 26.Re8# 1-0

[Event "It \"]
[Site "masterchessopen.com - Las Vegas (USA)"]
[Date "2006.06.18"]
[Round "5"]
[White "Gurevich Dmitry (USA)"]
[Black "Saidy Anthony F (USA)"]
[Result "1-0"]
[WhiteElo "2510"]
[BlackElo "2336"]

1.d4 Nf6 2.c4 e6 3.g3 c5 4.d5 exd5 5.cxd5 d6 6.Nc3 g6 7.Bg2 Bg7 8.Nf3 O-O
9.O-O Nbd7 10.Bf4 Qe7 11.h3 Nh5 12.Bg5 Bf6 13.Bxf6 Nhxf6 14.Nd2 b6 15.Kh2 Ne8
16.f4 Ba6 17.Qa4 Nc7 18.Rfe1 b5 19.Qa5 Rfc8 20.b4 cxb4 21.Qxb4 Nc5 22.Qd4 Ne8
23.Rac1 Rc7 24.Rb1 Rb8 25.e4 b4 26.e5 Nd3 27.Nce4 dxe5 28.fxe5 Qxe5 29.Nf6+
{#r} 1-0

[Event "Ch Sport Union "]
[Site "masterchessopen.com - Kiev (Ukraine)"]
[Date "2006.07.09"]
[Round "9"]
[White "Golichenko Ilija (UKR)"]
[Black "Pavlov Sergey (UKR)"]
[Result "0-1"]
[WhiteElo "2292"]
[BlackElo "2426"]

1.d4 Nf6 2.c4 c5 3.d5 e6 4.Nc3 exd5 5.cxd5 d6 6.g3 g6 7.Bg2 Bg7 8.Nf3 O-O
9.O-O Nbd7 10.e4 b5 11.Nxb5 Nxe4 12.Re1 a6 13.Na3 Nef6 14.Nc4 Bb7 15.Nxd6 Bxd5
16.Ng5 Nb6 17.Bxd5 Nfxd5 18.Nde4 c4 19.h4 Nb4 20.Be3 Nd3 21.Re2 Nd5 22.Rb1
Nxe3 23.Rxe3 Nxb2 24.Qc2 Rb8 25.Kh2 Qd4 26.Rc3 h6 27.Nf3 Qd5 28.Nfd2 f5 29.Nd6
Qxd6 30.Rxb2 Rxb2 31.Qxb2 Bxc3 32.Qxc3 Qd3 33.Qc1 c3 34.Nb3 f4 35.gxf4 c2
36.Kg2 Qe4+ 37.Kg3 Rc8 38.Qd2 Qc6 39.f3 Rf8 40.Qd3 Qc7 41.Kf2 Qxf4 42.Qxg6+
Kh8 43.Qc6 Qxh4+ 44.Ke2 Qh2+ 45.Kd3 Rd8+ 46.Ke3 Qg1+ 47.Kf4 Qg5+ 48.Ke4 Qe7+
{#R} 0-1

[Event "It (open)"]
[Site "masterchessopen.com - Tibor (Czech Republic)"]
[Date "2006.08.03"]
[Round "7"]
[White "Cech Pavel (CZE)"]
[Black "Meszaros Ludek (CZE)"]
[Result "1-0"]
[WhiteElo "2418"]
[BlackElo "2221"]

1.d4 Nf6 2.c4 c5 3.d5 e6 4.Nc3 exd5 5.cxd5 g6 6.g3 Bg7 7.Bg2 O-O 8.Nf3 d6
9.O-O Nbd7 10.Bf4 Ne8 11.Qd2 a6 12.a4 Rb8 13.Rab1 Qa5 14.Ne4 Qxd2 15.Nfxd2 Ne5
16.Bxe5 Bxe5 17.Nc4 Bf5 18.b4 Bxe4 19.Bxe4 Nf6 20.Bg2 Rfc8 21.b5 Re8 22.e3 a5
23.Rb3 Ng4 24.h3 Nh6 25.f4 Bg7 26.Nxd6 c4 27.Nxc4 Rec8 28.Nb6 Rc2 29.Rf2 Rc1+
30.Kh2 Nf5 31.Rd2 Bc3 32.Rd3 Be1 33.e4 Bf2 34.h4 Nh6 35.Nd7 Rd8 36.Nf6+ Kg7
37.e5 Nf5 38.d6 Bg1+ 39.Kh3 b6 40.d7 Bc5 41.Rbc3 Ra1 42.Ne4 Rxa4 43.Nxc5 bxc5
44.Rxc5 Kf8 45.b6 Rb4 46.b7 Ke7 47.Rxa5 Rxd7 48.Rxd7+ Kxd7 49.Ra8 {#r} 1-0

[Event "It (cat.7)"]
[Site "masterchessopen.com - Budapest (Hungary)"]
[Date "2006.12.11"]
[Round "9"]
[White "Ilincic Zlatko (SRB)"]
[Black "Smith Bryan G (USA)"]
[Result "1-0"]
[WhiteElo "2451"]
[BlackElo "2390"]

1.d4 Nf6 2.c4 e6 3.Nf3 c5 4.d5 d6 5.Nc3 exd5 6.cxd5 g6 7.g3 Bg7 8.Bg2 O-O
9.O-O Nbd7 10.Nd2 Nh5 11.Qc2 f5 12.e3 Qe7 13.b3 b5 14.Bb2 b4 15.Ne2 Bxb2
16.Qxb2 Ba6 17.Rfe1 Ne5 18.Nf4 Ng7 19.h4 Qf6 20.Qc2 Bb7 21.e4 g5 22.hxg5 Qxg5
23.Rad1 fxe4 24.Nxe4 Qh6 25.Qe2 Rae8 26.f3 Nf5 27.Ne6 Rxe6 28.dxe6 Nd4 29.Rxd4
cxd4 30.f4 d3 31.Qd1 d2 32.Qxd2 Ng4 33.Bf3 Bxe4 34.Rxe4 Nf6 35.e7 Rc8 36.Qxd6
Rc1+ 37.Bd1 Qh5 38.Re1 Ne8 39.Qe6+ {#r} 1-0